Tìm hiểu lịch sử - văn hoá nước Lào /
Gespeichert in:
| 1. Verfasser: | |
|---|---|
| Weitere Verfasser: | , |
| Format: | Sách giấy |
| Sprache: | Vietnamese |
| Veröffentlicht: |
Hà Nội :
Khoa học Xã hội ,
1978
|
| Tags: |
Tag hinzufügen
Keine Tags, Fügen Sie den ersten Tag hinzu!
|
| Thư viện lưu trữ: | Thư viện Trường Đại học Đà Lạt |
|---|
| LEADER | 00681nam a2200265 4500 | ||
|---|---|---|---|
| 001 | DLU020012212 | ||
| 005 | ##20000523 | ||
| 020 | # | # | |a 978- |
| 041 | # | # | |a vie |
| 082 | # | # | |a 959.4 |b Tim |
| 100 | # | # | |a Phạm Nguyên Long. |
| 245 | # | # | |a Tìm hiểu lịch sử - văn hoá nước Lào / |c Phạm Nguyên Long, Hoài Nguyên, Diệp Đình Hoa |
| 260 | # | # | |a Hà Nội : |b Khoa học Xã hội , |c 1978 |
| 300 | # | # | |a 342 tr.; |c 19 cm. |
| 700 | # | # | |a Diệp Đình Hoa |
| 700 | # | # | |a Hoài Nguyên |
| 992 | # | # | |a 914 |
| 994 | # | # | |a DLU |
| 900 | # | # | |a False |
| 911 | # | # | |a Administrator |
| 925 | # | # | |a G |
| 926 | # | # | |a A |
| 927 | # | # | |a SH |
| 980 | # | # | |a Thư viện Trường Đại học Đà Lạt |